Transatlantic Dual Masters Degree Program in Transportation and Logistics Systems Atlantis : history and the three years of implementation /

Hlavní autor: Nováková, Helena
Korporativní autor: České vysoké učení technické v Praze. Dopravní fakulta
Jazyk: Angličtina
Vydáno: Uherské Hradiště : Libra-Import, 2013
Vydání: 1st ed.
Témata:
Fyzický popis: 62 s. : barev. il., portréty, faksim. ; 25 cm
Knihy
Uloženo v:
LEADER 02945nam a2200733 a 4500
001 nkc20132506996
003 CZ PrNK
005 20131206090304.0
007 ta
008 131014s2013 xr ach e f 000 0 eng
015 |a cnb002506996 
020 |a 978-80-905432-1-8  |q (váz.) 
035 |a (OCoLC)864849127 
040 |a BOA001  |b cze  |d OLA001 
043 |a e-xr---  |a e-xo---  |a n-us--- 
045 |a y0y2 
072 7 |a 378  |x Vysoké školy  |2 Konspekt  |9 22 
080 |a 378  |2 MRF 
080 |a 656.025.4.022.9  |2 MRF 
080 |a 37.091.3  |2 MRF 
080 |a 316.4.063.34  |2 MRF 
080 |a 37.018.556  |2 MRF 
080 |a 37.091.214  |2 MRF 
080 |a (437.3)  |2 MRF 
080 |a (437.6)  |2 MRF 
080 |a (73)  |2 MRF 
080 |a (036)  |2 MRF 
100 1 |a Nováková, Helena  |7 jx20071109038  |4 aut  |4 edt 
245 1 0 |a Transatlantic Dual Masters Degree Program in Transportation and Logistics Systems Atlantis :  |b history and the three years of implementation /  |c Helena Nováková et al. 
246 3 0 |a Atlantis 
246 1 8 |a Atlantis - history and the three years of implementation 
250 |a 1st ed. 
260 |a Uherské Hradiště :  |b Libra-Import,  |c 2013 
300 |a 62 s. :  |b barev. il., portréty, faksim. ;  |c 25 cm 
500 |a Vydáno k 20. výročí Fakulty dopravní Českého vysokého učení technického v Praze 
504 |a Obsahuje bibliografii 
610 2 7 |a České vysoké učení technické v Praze  |7 kn20010710137  |2 czenas 
610 2 7 |a Žilinská univerzita  |7 ko20010094228  |2 czenas 
610 2 7 |a University of Texas at El Paso  |7 kn20131104006  |2 czenas 
648 7 |a 2001-2020  |7 ch460601  |2 czenas 
650 0 7 |a vysoké školy  |7 ph116649  |z Česko  |2 czenas 
650 0 7 |a vysoké školy  |7 ph116649  |z Slovensko  |2 czenas 
650 0 7 |a vysoké školy  |7 ph116649  |z Spojené státy americké  |2 czenas 
650 0 7 |a dopravní logistika  |7 ph436695  |2 czenas 
650 0 7 |a studium a výuka  |7 ph136700  |2 czenas 
650 0 7 |a mezinárodní spolupráce  |7 ph122828  |2 czenas 
650 0 7 |a zahraniční studium  |7 ph127525  |2 czenas 
650 0 7 |a vzdělávací programy  |7 ph127309  |y 2001-2020  |2 czenas 
650 0 9 |a universities and colleges  |z Czechia  |2 eczenas 
650 0 9 |a universities and colleges  |z Slovakia  |2 eczenas 
650 0 9 |a universities and colleges  |z United States  |2 eczenas 
650 0 9 |a transportation logistics  |2 eczenas 
650 0 9 |a study and teaching  |2 eczenas 
650 0 9 |a international cooperation  |2 eczenas 
650 0 9 |a foreign study  |2 eczenas 
650 0 9 |a educational programs  |y 2001-2020  |2 eczenas 
655 7 |a informační publikace  |7 fd132454  |2 czenas 
655 9 |a information publications  |2 eczenas 
710 2 |a České vysoké učení technické v Praze.  |b Dopravní fakulta  |7 kn20010710174 
910 2 |a BOA001  |b 2-1311.381 
990 |a BK 
995 |a 01 
991 |b 201310  |c NOV  |e n 
996 6 |b 2610566419  |c 2-1311.381  |l MZK  |r Sklad / do 1 hodiny  |n 0  |p p.v.  |w 001370755  |u 000010  |a 1  |e BOA001  |j MZK50  |s P